| 000 | 00463nam a2200157 i 4500 | ||
|---|---|---|---|
| 001 | 46976 | ||
| 003 | ES-MaACL | ||
| 005 | 20230906161459.0 | ||
| 007 | t| | ||
| 008 | 030402s1972 sp ||||1| spa d | ||
| 100 | 1 |
_aConte, Rafael. _940270 |
|
| 245 | 1 | 0 |
_aLenguaje y violencia _b: introducción a la nueva novela hispanoamericana / _cRafael Conte. |
| 260 |
_a[Madrid] : _bAl-Borak, _c[1972] |
||
| 300 |
_a319 p. ; _c25 cm. |
||
| 852 |
_aES-MaACL _jC-42583 _bR.81307 |
||
| 999 |
_c46976 _d46976 |
||